000 00925nam a2200229Ia 4500
001 17566
003 GE_BSU
008 181216s||||||||xx |||||||||||||| ||und||
040 _cGE_BSU
080 _a697(035.5)
100 _aЩекин,Р.В. Кореневский,С.М. Бен,Г.Е.
245 _aСправочник по теплоснабжению и вентиляции в гражданском строительстве.
245 _cРед: Э.А.Полторацкая, Э.Н.Сурыгина, З.Н.Волощенко.
250 _aВторое изд. перераб. и доп.
260 _aКиев.
260 _bГосстройиздат.
260 _c1962.
300 _a1019 стр. с илл. 23 см.
300 _eТабл.
653 _aСправочник по теплоснабжению и вентиляции в гражданском строительстве.
942 _cBK
999 _c50616
_d50616